000 01168cam a22002651i 4500
003 SA-RiAUC
005 20251204120954.0
008 251202s1996 su g b f00010 ara c
040 _aDZ-AlALGU
_bara
_cSA-RiAUC
_erda
043 _aa-su---
082 0 4 _a011.7509531
090 _a011.7509531
_b ج ا م
110 2 _aجامعة أم القرى.
_bإدارة شؤون الموظفين
_eمؤلف.
245 1 0 _aدليل رسائل جامعة أم القرى إلى نهاية عام 1415 هـ. /
_cإدارة شؤون الموظفين، جامعة أم القرى.
250 _aالطبعة الثانية.
264 1 _aمكة المكرمة :
_bجامعة أم القرى، إدارة شؤون الموظفين،
_c1996
300 _a566 صفحة ؛
_c29 سم
336 _aنص
_btxt
_2rdacontent
_3كتاب
337 _aبدون وسيط
_bn
_2rdamedia
338 _aمجلد
_bnc
_2rdacarrier
610 2 7 _aجامعة أم القرى
_xأطروحات
_vببليوجرافيات
_2aucnm
650 7 _aالرسائل الجامعية
_zالسعودية
_vببليوجرافيات
_2aucsh
942 _2ddc
_cBOOK
_n0
949 _aSA-JeALM
_d251202
_umohamedma123
_n1
999 _c13476
_d13476